Statystyki dla Minecraft - wszystkie mikstury (All Potions) (1.20)

Kliknij tutaj aby rozwiązać quiz!

Ogólne statystyki

  • Ten quiz został rozwiązany 128 razy
  • Średni wynik to 9 z 15

Statystyki odpowiedzi

LpOdpowiedź% Poprawnych
12Mikstura skoku / Potion of Leaping
75%
2Mikstura szybkości / Potion of Swiftness
75%
4Mikstura leczenia / Potion of Healing
71%
5Mikstura siły / Potion of Strength
71%
8Mikstura zatrucia / Potion of Poison
70%
3Mikstura ognioodporności / Potion of Fire Resistance
68%
7Mikstura noktowizji / Potion of Night Vision
67%
9Mikstura słabości / Potion of Weakness
59%
6Mikstura niewidzialności / Potion of Invisibility
58%
1Mikstura regeneracji / Potion of Regeneration
58%
13Mikstura oddychania pod wodą / Potion of Water Breathing
57%
11Mikstura krzywdy / Potion of Harming
56%
15Mikstura powolnego opadania / Potion of Slow Falling
54%
10Mikstura spowolnienia / Potion of Slowness
52%
14Mikstura żółwiego mistrza / Potion of the Turtle Master
38%

Rozkład punktacji

Percentyl według liczby udzielonych odpowiedzi

Procent ludzi z każdym wynikiem

Twoja historia wyników

Nie rozwiązałeś tego quizu